000 00455nam a2200145Ia 4500
008 221007s9999 xx 000 0 und d
041 _aeng
082 _bRUC
100 _aRucha Tapaswi - 2k171110 & Dr. Arpita Singh - Guide
_9104960
245 2 _aA Study Corporate Social Rsponsibility At Sun- Pharma Cipla And Glasgow
260 _c2018
_bSavitribai Phule Pune University
_aPune
300 _a60p
_cHard Bound
440 _v1
906 _bReference Books
999 _c78081
_d78081